ਆਬਾਰਾਂ (Record no. 1026048)

MARC details
000 -LEADER
fixed length control field 00827nam a2200253Ia 4500
003 - CONTROL NUMBER IDENTIFIER
control field OSt
005 - DATE AND TIME OF LATEST TRANSACTION
control field 20221005112817.0
008 - FIXED-LENGTH DATA ELEMENTS--GENERAL INFORMATION
fixed length control field 221004b |||||||| |||| 00| 0 pan d
020 ## - INTERNATIONAL STANDARD BOOK NUMBER
International Standard Book Number 8182990025 (hbk)
037 ## - SOURCE OF ACQUISITION
Terms of availability Textual
040 ## - CATALOGING SOURCE
Original cataloging agency CRL
Transcribing agency CRL
Language of cataloging pan
041 ## - LANGUAGE CODE
Source of code pan
Language code of text/sound track or separate title pan
100 ## - MAIN ENTRY--PERSONAL NAME
Personal name ਸਿੰਘ, ਨਰਿੰਦਰਪਾਲ
245 #0 - TITLE STATEMENT
Title ਆਬਾਰਾਂ
260 ## - PUBLICATION, DISTRIBUTION, ETC.
Place of publication, distribution, etc. ਦਿੱਲੀ
Name of publisher, distributor, etc. ਆਰਸੀ ਭਾਰਤ
Date of publication, distribution, etc. 2004
300 ## - PHYSICAL DESCRIPTION
Extent 378ਪੰ
Dimensions cm.
650 ## - SUBJECT ADDED ENTRY--TOPICAL TERM
Topical term or geographic name entry element ਪੰਜਾਬੀ ਸਾਹਿਤ
942 ## - ADDED ENTRY ELEMENTS (KOHA)
Classification part O153,1N22x, P4
Koha item type Textual
Source of classification or shelving scheme
Holdings
Withdrawn status Lost status Damaged status Not for loan Home library Current library Date acquired Source of acquisition Cost, normal purchase price Total Checkouts Full call number Barcode Date last seen Cost, replacement price Price effective from Koha item type
        Central Library Central Library 2022-10-05 72862, 31/12/2008, Arsee Publishers 400.00   O153,1N22x P4 CL1448604 2022-10-05 400.00 2022-10-05 Textual
Copyright @ Delhi University Library System